AryakaBaghwa Dhwaj (Record no. 1357574)

MARC details
000 -LEADER
fixed length control field 00650nam a2200277Ia 4500
008 - FIXED-LENGTH DATA ELEMENTS--GENERAL INFORMATION
fixed length control field 160321s9999||||xx |||||||||||||| ||und||
040 ## - CATALOGING SOURCE
Transcribing agency Hindi
082 ## - DEWEY DECIMAL CLASSIFICATION NUMBER
Classification number XI.B Satvalkar
082 ## - DEWEY DECIMAL CLASSIFICATION NUMBER
Item number BORI-14515
100 ## - MAIN ENTRY--PERSONAL NAME
Personal name D. Satvalkar
245 ## - TITLE STATEMENT
Title AryakaBaghwa Dhwaj
260 ## - PUBLICATION, DISTRIBUTION, ETC. (IMPRINT)
Place of publication, distribution, etc Satara
260 ## - PUBLICATION, DISTRIBUTION, ETC. (IMPRINT)
Name of publisher, distributor, etc Stoadhyay Mandal
300 ## - PHYSICAL DESCRIPTION
Extent 39
300 ## - PHYSICAL DESCRIPTION
Dimensions E
300 ## - PHYSICAL DESCRIPTION
Accompanying material Paperback
530 ## - ADDITIONAL PHYSICAL FORM AVAILABLE NOTE
Uniform Resource Identifier <a href="00019302.pdf">00019302.pdf</a>
563 ## - BINDING INFORMATION
Binding note study
600 ## - SUBJECT ADDED ENTRY--PERSONAL NAME
Personal name D. Satvalkar
630 ## - SUBJECT ADDED ENTRY--UNIFORM TITLE
Uniform title AryakaBaghwa Dhwaj
650 ## - SUBJECT ADDED ENTRY--TOPICAL TERM
Topical term or geographic name as entry element "Social History, Culture"
650 ## - SUBJECT ADDED ENTRY--TOPICAL TERM
Topical term or geographic name as entry element General Indology
700 ## - ADDED ENTRY--PERSONAL NAME
Personal name D. Satvalkar
730 ## - ADDED ENTRY--UNIFORM TITLE
Uniform title AryakaBaghwa Dhwaj
942 ## - ADDED ENTRY ELEMENTS (KOHA)
Koha item type Book

No items available.